[Event "Liga Madrileña 2010/2011 - D. Honor"]
[Site "Madrid ESP"]
[Date "2010.11.21"]
[Round "1.43"]
[White "Cao Armillas, Jesus"]
[Black "Reyes Larenas, Juan"]
[Result "0-1"]
[WhiteElo "2189"]
[BlackElo "2435"]
[PlyCount "80"]
[EventDate "2010.11.21"]
[EventType "team"]
[EventRounds "14"]
[EventCountry "ESP"]
[Source "lmi"]
[SourceDate "2010.11.21"]
[WhiteTeam "Collado Villalba"]
[BlackTeam "Leganes"]
[WhiteTeamCountry "ESP"]
[BlackTeamCountry "ESP"]

1. Nf3 Nf6 2. c4 g6 3. Nc3 Bg7 4. g3 O-O 5. Bg2 d6 6. O-O e5 7. d4 Nbd7 8. e4
c6 9. h3 a5 10. Re1 Re8 11. Be3 a4 12. Qc2 Qa5 13. Rab1 Qb4 14. Bf1 exd4 15.
Nxd4 Nc5 16. a3 Qa5 17. Bf4 Nfd7 18. Rbd1 Ne5 19. Bc1 Ne6 20. Qe2 Nxd4 21. Rxd4
Nf3+ 22. Qxf3 Bxd4 23. Rd1 Be5 24. Qd3 Be6 25. f4 Bg7 26. f5 gxf5 27. Bf4 Qb6+
28. Kh1 Qxb2 29. Ne2 fxe4 30. Qxd6 Bxc4 31. Rd2 Qb1 32. Rd1 Qb3 33. Nc1 Qf3+
34. Bg2 Qf2 35. Qb4 Rad8 36. Re1 c5 37. Qxc4 Qxe1+ 38. Kh2 e3 39. Ne2 Rd2 40.
Ng1 Qf2 0-1

[Event "Liga Madrileña 2010/2011 - D. Honor"]
[Site "Madrid ESP"]
[Date "2010.11.21"]
[Round "1.44"]
[White "Davicce Cañada, Juan Antonio"]
[Black "Bote Alvarez-Carrasco, Valentin"]
[Result "0-1"]
[WhiteElo "2097"]
[BlackElo "2183"]
[PlyCount "94"]
[EventDate "2010.11.21"]
[EventType "team"]
[EventRounds "14"]
[EventCountry "ESP"]
[Source "lmi"]
[SourceDate "2010.11.21"]
[WhiteTeam "Leganes"]
[BlackTeam "Collado Villalba"]
[WhiteTeamCountry "ESP"]
[BlackTeamCountry "ESP"]

1. d4 d5 2. c4 c6 3. Nc3 Nf6 4. e3 a6 5. a4 e6 6. Nf3 a5 7. Bd3 Na6 8. O-O Nb4
9. Bb1 Be7 10. e4 dxc4 11. Ne5 b6 12. Nxc4 Ba6 13. b3 c5 14. Be3 cxd4 15. Bxd4
Bxc4 16. bxc4 Bc5 17. Bxc5 Qxd1 18. Rxd1 bxc5 19. e5 Nd7 20. Nb5 Ke7 21. f4 Nb6
22. Nd6 Rad8 23. Be4 g6 24. Kf2 Rd7 25. Ke2 Rhd8 26. g4 f6 27. Rd2 fxe5 28.
fxe5 Nc8 29. Rad1 Nxd6 30. exd6+ Rxd6 31. Rxd6 Rxd6 32. Rxd6 Kxd6 33. h4 Ke5
34. Ke3 Na6 35. h5 gxh5 36. gxh5 h6 37. Bc6 Nb4 38. Be4 Na2 39. Bc6 Nc1 40. Be4
Nb3 41. Bc6 Nd4 42. Bd7 Nf5+ 43. Kf3 Nd6 44. Bb5 Ne4 45. Kg4 Nf6+ 46. Kh4 Kf4
47. Bc6 e5 0-1

[Event "Liga Madrileña 2010/2011 - D. Honor"]
[Site "Madrid ESP"]
[Date "2010.11.21"]
[Round "1.45"]
[White "Lorite Cruz, Francisco"]
[Black "Pedrajas Estepa, Manuel"]
[Result "1-0"]
[WhiteElo "2095"]
[BlackElo "2097"]
[PlyCount "89"]
[EventDate "2010.11.21"]
[EventType "team"]
[EventRounds "14"]
[EventCountry "ESP"]
[Source "lmi"]
[SourceDate "2010.11.21"]
[WhiteTeam "Collado Villalba"]
[BlackTeam "Leganes"]
[WhiteTeamCountry "ESP"]
[BlackTeamCountry "ESP"]

1. e4 e5 2. Nf3 d6 3. d4 Nd7 4. Nc3 c6 5. Bc4 Be7 6. a4 exd4 7. Nxd4 Ne5 8. Be2
c5 9. Bb5+ Kf8 10. Nf3 Nf6 11. Bf4 Ng6 12. Bg3 Be6 13. Ng5 a6 14. Be2 d5 15. e5
Ne8 16. Nxe6+ fxe6 17. O-O Nh4 18. Bg4 Nc7 19. Qe2 Nf5 20. Bxf5 exf5 21. Rad1
d4 22. Qf3 Qc8 23. Ne4 g6 24. Nd6 Bxd6 25. exd6 Ne6 26. Qd5 Qd7 27. Rfe1 Kf7
28. Re2 Rhe8 29. Rde1 Rad8 30. Qe5 Qc6 31. Bh4 Rxd6 32. Qf6+ Kg8 33. Bg3 Rf8
34. Qe7 f4 35. Rxe6 fxg3 36. hxg3 Rxe6 37. Rxe6 Qxa4 38. Qxc5 Qa1+ 39. Kh2 Qxb2
40. Rb6 Qc1 41. Qc4+ Rf7 42. f4 Kg7 43. Qxd4+ Kh6 44. Qd5 Rf5 45. Qxf5 1-0

[Event "Liga Madrileña 2010/2011 - D. Honor"]
[Site "Madrid ESP"]
[Date "2010.11.21"]
[Round "1.46"]
[White "Nuñez Gutierrez, Juan Carlos"]
[Black "San Juan Rodriguez, Miguel"]
[Result "1/2-1/2"]
[WhiteElo "2093"]
[BlackElo "2076"]
[PlyCount "77"]
[EventDate "2010.11.21"]
[EventType "team"]
[EventRounds "14"]
[EventCountry "ESP"]
[Source "lmi"]
[SourceDate "2010.11.21"]
[WhiteTeam "Leganes"]
[BlackTeam "Collado Villalba"]
[WhiteTeamCountry "ESP"]
[BlackTeamCountry "ESP"]

1. e4 e5 2. Nf3 Nf6 3. Nc3 Nc6 4. Bb5 Nd4 5. Ba4 Bc5 6. d3 c6 7. Nxe5 d6 8. Nf3
Bg4 9. h3 Bxf3 10. gxf3 Qd7 11. Be3 O-O-O 12. Bxd4 Bxd4 13. Qd2 Nh5 14. O-O-O
g6 15. Kb1 Rhf8 16. Rdf1 f5 17. Ne2 Bb6 18. d4 fxe4 19. fxe4 Rf3 20. c3 Rdf8
21. Ng1 R3f4 22. Qe3 Qe7 23. Bc2 d5 24. Rh2 c5 25. Rg2 cxd4 26. cxd4 Kb8 27.
Rg4 Qb4 28. Rxf4 Nxf4 29. Rd1 a6 30. a3 Qd6 31. Bb3 dxe4 32. Qxe4 Rd8 33. Nf3
Ka7 34. Ng5 Rd7 35. Nf7 Qf6 36. Ne5 Rd8 37. Ng4 Qd6 38. Ne5 Qf6 39. Ng4 1/2-1/2

[Event "Liga Madrileña 2010/2011 - D. Honor"]
[Site "Madrid ESP"]
[Date "2010.11.28"]
[Round "2.11"]
[White "Almagro Llamas, Pablo"]
[Black "Valles Moreno, Ivan"]
[Result "1-0"]
[WhiteElo "2472"]
[BlackElo "2366"]
[PlyCount "75"]
[EventDate "2010.11.21"]
[EventType "team"]
[EventRounds "14"]
[EventCountry "ESP"]
[Source "lmi"]
[SourceDate "2010.11.21"]
[WhiteTeam "Virgen de Atocha"]
[BlackTeam "Amigos del Retiro"]
[WhiteTeamCountry "ESP"]
[BlackTeamCountry "ESP"]

1. e4 e6 2. d4 d5 3. Nd2 Nf6 4. e5 Nfd7 5. f4 c5 6. c3 Nc6 7. Ndf3 Qb6 8. Ne2
f6 9. g3 cxd4 10. cxd4 Bb4+ 11. Nc3 fxe5 12. fxe5 O-O 13. Bf4 Be7 14. a3 g5 15.
Na4 Qd8 16. Be3 g4 17. Ng1 Ndxe5 18. dxe5 Nxe5 19. Be2 b6 20. h3 Qd6 21. hxg4
Nc4 22. Bf4 Rxf4 23. gxf4 Qxf4 24. Qd3 Qf7 25. Qf3 Qg7 26. Bxc4 Bd7 27. Bd3 h6
28. Nc3 Bf6 29. Nge2 Rf8 30. Qh3 Bg5 31. Rf1 Rd8 32. Bc2 Bc6 33. Qd3 Bh4+ 34.
Kd1 e5 35. Qg6 Qxg6 36. Bxg6 e4 37. Nd4 Bd7 38. Bf5 1-0

[Event "Liga Madrileña 2010/2011 - D. Honor"]
[Site "Madrid ESP"]
[Date "2010.11.28"]
[Round "2.12"]
[White "Vallejo Diaz, Javier"]
[Black "Anton Guijarro, David"]
[Result "0-1"]
[WhiteElo "2350"]
[BlackElo "2421"]
[PlyCount "124"]
[EventDate "2010.11.21"]
[EventType "team"]
[EventRounds "14"]
[EventCountry "ESP"]
[Source "lmi"]
[SourceDate "2010.11.21"]
[WhiteTeam "Amigos del Retiro"]
[BlackTeam "Virgen de Atocha"]
[WhiteTeamCountry "ESP"]
[BlackTeamCountry "ESP"]

1. e4 e6 2. d4 d5 3. Nd2 Nf6 4. e5 Nfd7 5. f4 c5 6. c3 Nc6 7. Ndf3 Qb6 8. a3
cxd4 9. cxd4 Na5 10. Bd3 Nb3 11. Be3 Nxa1 12. Qxa1 Nb8 13. Ne2 Nc6 14. b4 Be7
15. Qb1 Bd7 16. O-O g6 17. Nc3 Qd8 18. g4 Rc8 19. Ne2 Rg8 20. Kh1 a6 21. f5 Na7
22. Nf4 Nb5 23. f6 Bf8 24. Ng5 Nc3 25. Qb3 Qb6 26. Rc1 Bh6 27. Ngxe6 fxe6 28.
Rxc3 Bxf4 29. Rxc8+ Bxc8 30. Bxf4 Qc7 31. b5 Kf7 32. b6 Qc6 33. Qb4 Re8 34. h4
Bd7 35. Kg2 Qa4 36. Qd6 Qc6 37. Qc5 Qxc5 38. dxc5 d4 39. Be4 Rc8 40. Bxb7 Rxc5
41. Bxa6 Rc2+ 42. Kf1 Rb2 43. b7 Bc6 44. h5 Bxb7 45. Bxb7 Rxb7 46. hxg6+ hxg6
47. Bd2 Rb5 48. Bf4 Ra5 49. Ke2 Rxa3 50. g5 Ke8 51. Bc1 Rb3 52. Bd2 Kd7 53. Kf2
Rb5 54. Ke2 Rxe5+ 55. Kd3 Rd5 56. Ke4 Ke8 57. Bc1 Rc5 58. Bf4 Rf5 59. Bd2 e5
60. Bc1 Kf7 61. Kd5 Rf1 62. Bd2 Rf2 0-1

[Event "Liga Madrileña 2010/2011 - D. Honor"]
[Site "Madrid ESP"]
[Date "2010.11.28"]
[Round "2.13"]
[White "Rubio Mejia, Luis"]
[Black "Perez Gonzalez, Jose Manuel"]
[Result "0-1"]
[WhiteElo "2409"]
[BlackElo "2281"]
[PlyCount "104"]
[EventDate "2010.11.21"]
[EventType "team"]
[EventRounds "14"]
[EventCountry "ESP"]
[Source "lmi"]
[SourceDate "2010.11.21"]
[WhiteTeam "Amigos del Retiro"]
[BlackTeam "Virgen de Atocha"]
[WhiteTeamCountry "ESP"]
[BlackTeamCountry "ESP"]

1. Nf3 Nf6 2. c4 c5 3. Nc3 g6 4. d4 cxd4 5. Nxd4 Nc6 6. e4 d6 7. Nc2 Bg7 8. Be2
O-O 9. O-O Be6 10. Be3 Qa5 11. Qd2 Rfc8 12. Rac1 Ng4 13. Bxg4 Bxg4 14. Nd4 Nxd4
15. Bxd4 Rxc4 16. Bxg7 Kxg7 17. b3 Rc6 18. Rc2 Rac8 19. Nd5 Qxd2 20. Rxd2 Kf8
21. Ne3 Be6 22. f4 f5 23. exf5 gxf5 24. Rf3 Ra6 25. Rf1 Kf7 26. Kf2 Rc5 27. Re1
Rac6 28. Ree2 a5 29. Nc2 Rc8 30. Nd4 Bd7 31. Re3 Rc3 32. Re1 Rc1 33. Re3 R8c3
34. Ree2 Kf6 35. Nf3 h6 36. Rb2 Bc6 37. Nd4 Be4 38. g4 Rh1 39. Nxf5 Rxh2+ 40.
Kg1 Rxe2 41. Rxe2 Bxf5 42. gxf5 Rc7 43. Rd2 Kxf5 44. Rd5+ Kxf4 45. Rxa5 e5 46.
Rd5 Rc6 47. Kf1 Ke4 48. Rb5 Rc1+ 49. Ke2 Rc2+ 50. Kd1 Rxa2 51. Rb6 Ra6 52. Rxb7
d5 0-1

[Event "Liga Madrileña 2010/2011 - D. Honor"]
[Site "Madrid ESP"]
[Date "2010.11.28"]
[Round "2.14"]
[White "Fernandez Garcia, Miguel Angel"]
[Black "Martinez Martin, David"]
[Result "0-1"]
[WhiteElo "2304"]
[BlackElo "2398"]
[PlyCount "132"]
[EventDate "2010.11.21"]
[EventType "team"]
[EventRounds "14"]
[EventCountry "ESP"]
[Source "lmi"]
[SourceDate "2010.11.21"]
[WhiteTeam "Amigos del Retiro"]
[BlackTeam "Virgen de Atocha"]
[WhiteTeamCountry "ESP"]
[BlackTeamCountry "ESP"]

1. d4 d6 2. Nf3 Nf6 3. c4 g6 4. Bf4 Nh5 5. Bg5 h6 6. Bd2 Bg7 7. e3 e5 8. Nc3 f5
9. dxe5 dxe5 10. g3 O-O 11. Be2 Kh7 12. Nh4 Nf6 13. Qc2 Nc6 14. O-O-O Be6 15.
Be1 Qe7 16. Nd5 Qf7 17. Nb4 Nxb4 18. Bxb4 c5 19. Ba3 b5 20. b3 Ne4 21. Rhf1 g5
22. f3 Nc3 23. Qxc3 b4 24. Qc2 bxa3 25. Ng2 Kg8 26. e4 f4 27. Rd3 a5 28. Rfd1
Rfb8 29. g4 a4 30. Ne1 Kh7 31. Kb1 Rb4 32. Rc3 axb3 33. axb3 a2+ 34. Ka1 Qc7
35. Nd3 Rb6 36. Nc1 Rba6 37. Rd2 Bf8 38. Bd1 Bd6 39. Rcd3 Qe7 40. Ne2 Bc7 41.
Nc3 Ba5 42. Re2 Bxc3+ 43. Qxc3 Qc7 44. Rdd2 Kg6 45. Rxa2 h5 46. gxh5+ Kxh5 47.
Rxa6 Rxa6+ 48. Ra2 Rxa2+ 49. Kxa2 Qd6 50. Be2 Qd4 51. Kb2 g4 52. fxg4+ Bxg4 53.
Qxd4 exd4 54. Bf1 Bd1 55. b4 cxb4 56. c5 Ba4 57. Be2+ Kg5 58. h3 Kh4 59. e5
Kxh3 60. Bf1+ Kg3 61. c6 Bxc6 62. Kb3 Kf2 63. Ba6 Ke3 64. Kxb4 d3 65. Bc4 d2
66. Bb3 Bf3 0-1

[Event "Liga Madrileña 2010/2011 - D. Honor"]
[Site "Madrid ESP"]
[Date "2010.11.28"]
[Round "2.15"]
[White "Rabadan Velasco, Raul"]
[Black "Sanchez Gonzalez, Sergio"]
[Result "1-0"]
[WhiteElo "2350"]
[BlackElo "2291"]
[PlyCount "109"]
[EventDate "2010.11.21"]
[EventType "team"]
[EventRounds "14"]
[EventCountry "ESP"]
[Source "lmi"]
[SourceDate "2010.11.21"]
[WhiteTeam "Virgen de Atocha"]
[BlackTeam "Amigos del Retiro"]
[WhiteTeamCountry "ESP"]
[BlackTeamCountry "ESP"]

1. e4 c5 2. c3 d5 3. exd5 Qxd5 4. d4 Nc6 5. Nf3 Bf5 6. Be3 cxd4 7. cxd4 e5 8.
Nc3 Bb4 9. dxe5 Bxc3+ 10. bxc3 Qa5 11. Qb3 Nge7 12. Bc4 O-O 13. O-O Nxe5 14.
Nxe5 Qxe5 15. Qxb7 Be4 16. Qb5 Qxc3 17. Rac1 Qf6 18. Bg5 Qg6 19. f3 Bc6 20. Qc5
Nf5 21. Bf4 Bd7 22. Bd5 Rfc8 23. Bc7 Rab8 24. Qxa7 Rb2 25. Rf2 Rxf2 26. Qxf2
Nd6 27. Qd2 Bh3 28. Kh1 Bd7 29. Bb6 Rxc1+ 30. Qxc1 Qd3 31. Bb3 Nb5 32. Qf4 Nd6
33. Bc5 Qf1+ 34. Bg1 Qa6 35. h3 h6 36. Bc5 Nf5 37. Qe5 Nh4 38. Qe1 Nf5 39. Bf2
Qf6 40. Qd2 Bc6 41. a4 Qa1+ 42. Qd1 Qb2 43. Qd8+ Kh7 44. Bxf7 Qa1+ 45. Kh2 Qe5+
46. g3 Ne7 47. Qd3+ g6 48. Bb3 Qb2 49. Qe3 Qf6 50. f4 Bd7 51. Qe5 Qf8 52. Bd4
Nf5 53. Bc3 h5 54. Qf6 Qe8 55. Qe5 1-0

[Event "Liga Madrileña 2010/2011 - D. Honor"]
[Site "Madrid ESP"]
[Date "2010.11.28"]
[Round "2.16"]
[White "Vallejo Diaz, Jesus"]
[Black "Rudolf, Anna"]
[Result "0-1"]
[WhiteElo "2273"]
[BlackElo "2347"]
[PlyCount "97"]
[EventDate "2010.11.21"]
[EventType "team"]
[EventRounds "14"]
[EventCountry "ESP"]
[Source "lmi"]
[SourceDate "2010.11.21"]
[WhiteTeam "Amigos del Retiro"]
[BlackTeam "Virgen de Atocha"]
[WhiteTeamCountry "ESP"]
[BlackTeamCountry "ESP"]

1. e4 e6 2. d4 d5 3. Nd2 Be7 4. Bd3 c5 5. dxc5 Nf6 6. Qe2 O-O 7. Ngf3 a5 8. O-O
Na6 9. e5 Nd7 10. Nd4 Ndxc5 11. c3 Nxd3 12. Qxd3 Nc5 13. Qh3 Qc7 14. f4 f6 15.
N2f3 a4 16. a3 Qb6 17. Kh1 Bd7 18. Rb1 Qa6 19. Be3 Nd3 20. Qg3 Rf7 21. Nc2 fxe5
22. fxe5 Nxb2 23. Nb4 Bxb4 24. cxb4 Qd3 25. Bc5 Qxa3 26. Rfe1 Nc4 27. Qh4 h6
28. Qd4 Qa2 29. Qd3 a3 30. Bd4 Nb2 31. Qd2 Rc8 32. Bxb2 axb2 33. Rxb2 Qc4 34.
Ra1 Rf4 35. Kg1 Re4 36. h3 Bb5 37. Kh2 Qc7 38. Rba2 Be2 39. Qxe2 Rxe2 40. Rxe2
Qc4 41. Rb2 d4 42. Rd1 d3 43. Kg3 Rf8 44. Rbd2 Rd8 45. Rb1 g5 46. Rbb2 Qf4+ 47.
Kf2 h5 48. g3 Qf5 49. Kg2 0-1

[Event "Liga Madrileña 2010/2011 - D. Honor"]
[Site "Madrid ESP"]
[Date "2010.11.28"]
[Round "2.21"]
[White "Gallego Jimenez, Victoriano"]
[Black "Vazquez Igarza, Renier"]
[Result "0-1"]
[WhiteElo "2398"]
[BlackElo "2558"]
[PlyCount "60"]
[EventDate "2010.11.21"]
[EventType "team"]
[EventRounds "14"]
[EventCountry "ESP"]
[Source "lmi"]
[SourceDate "2010.11.21"]
[WhiteTeam "La Casa del Ajedrez"]
[BlackTeam "Collado Villalba"]
[WhiteTeamCountry "ESP"]
[BlackTeamCountry "ESP"]

1. d4 Nf6 2. c4 g6 3. Nc3 Bg7 4. e4 d6 5. Nf3 O-O 6. Be2 Bg4 7. Be3 Nfd7 8. O-O
a6 9. Qb3 Bxf3 10. Bxf3 Nc6 11. Rad1 Rb8 12. d5 Na5 13. Qa4 c6 14. Be2 b5 15.
cxb5 axb5 16. Qc2 b4 17. Na4 b3 18. axb3 c5 19. Bc4 Nb6 20. Bb5 Nxd5 21. Rxd5
Rxb5 22. Nxc5 Qc8 23. Qd3 Rxc5 24. Bxc5 dxc5 25. Rc1 Nb7 26. b4 e6 27. Rd7 Bxb2
28. Rc2 Be5 29. Qb5 Nd6 30. Qa4 Qa8 0-1

[Event "Liga Madrileña 2010/2011 - D. Honor"]
[Site "Madrid ESP"]
[Date "2010.11.28"]
[Round "2.22"]
[White "Moreno Ruiz, Javier"]
[Black "Rojo Huerta, Gabriel"]
[Result "1-0"]
[WhiteElo "2527"]
[BlackElo "2375"]
[PlyCount "59"]
[EventDate "2010.11.21"]
[EventType "team"]
[EventRounds "14"]
[EventCountry "ESP"]
[Source "lmi"]
[SourceDate "2010.11.21"]
[WhiteTeam "Collado Villalba"]
[BlackTeam "La Casa del Ajedrez"]
[WhiteTeamCountry "ESP"]
[BlackTeamCountry "ESP"]

1. d4 Nf6 2. c4 g6 3. Nc3 d5 4. cxd5 Nxd5 5. e4 Nxc3 6. bxc3 Bg7 7. Nf3 c5 8.
Be3 Qa5 9. Bd2 O-O 10. Be2 cxd4 11. cxd4 Qd8 12. Be3 Qa5+ 13. Bd2 Qd8 14. Rc1
Bg4 15. d5 e6 16. Bb4 Re8 17. O-O exd5 18. exd5 Nd7 19. h3 Qb6 20. Rb1 Bf5 21.
Bd3 Qf6 22. Ba3 Bxd3 23. Qxd3 Nb6 24. Bb2 Qd6 25. Bxg7 Kxg7 26. Rb5 Rad8 27.
Rd1 Rd7 28. a4 Red8 29. a5 Nxd5 30. Rxd5 1-0

[Event "Liga Madrileña 2010/2011 - D. Honor"]
[Site "Madrid ESP"]
[Date "2010.11.28"]
[Round "2.23"]
[White "Elguezabal Varela, Daniel"]
[Black "Ortiz Herranz, Eleazar"]
[Result "1-0"]
[WhiteElo "2357"]
[BlackElo "2243"]
[PlyCount "99"]
[EventDate "2010.11.21"]
[EventType "team"]
[EventRounds "14"]
[EventCountry "ESP"]
[Source "lmi"]
[SourceDate "2010.11.21"]
[WhiteTeam "La Casa del Ajedrez"]
[BlackTeam "Collado Villalba"]
[WhiteTeamCountry "ESP"]
[BlackTeamCountry "ESP"]

1. d4 Nf6 2. Nf3 g6 3. c4 Bg7 4. Nc3 d5 5. Bg5 Ne4 6. cxd5 Nxg5 7. Nxg5 e6 8.
Nf3 exd5 9. b4 O-O 10. e3 Be6 11. Be2 Nd7 12. O-O c6 13. a4 a5 14. Qb3 axb4 15.
Qxb4 b6 16. Rfc1 Ra5 17. Rab1 Qa8 18. Qb3 h6 19. Qd1 Rd8 20. h3 Ra7 21. Bd3 Qb8
22. Ne2 Qd6 23. Qc2 c5 24. Qd1 c4 25. Bc2 Ra6 26. Nc3 g5 27. Nh2 Nf6 28. Qf3 h5
29. Bf5 Qd7 30. Bxe6 Qxe6 31. Rb5 Bh6 32. Rcb1 g4 33. hxg4 hxg4 34. Qg3 Kh7 35.
Qe5 Rd6 36. Nf1 Nd7 37. Qg3 f5 38. Qh4 Ra8 39. Ng3 Rf8 40. Nge2 Kg7 41. Qg3 Rf6
42. Nf4 Bxf4 43. Qxf4 Rg6 44. g3 Kf7 45. Kg2 Kg8 46. Rh1 Kg7 47. Rh5 Rf6 48.
Qg5+ Kf8 49. Qh4 Rg6 50. Qd8+ 1-0

[Event "Liga Madrileña 2010/2011 - D. Honor"]
[Site "Madrid ESP"]
[Date "2010.11.28"]
[Round "2.24"]
[White "Cao Armillas, Jesus"]
[Black "Gemy Vargas, Jose Daniel"]
[Result "1-0"]
[WhiteElo "2189"]
[BlackElo "2316"]
[PlyCount "71"]
[EventDate "2010.11.21"]
[EventType "team"]
[EventRounds "14"]
[EventCountry "ESP"]
[Source "lmi"]
[SourceDate "2010.11.21"]
[WhiteTeam "Collado Villalba"]
[BlackTeam "La Casa del Ajedrez"]
[WhiteTeamCountry "ESP"]
[BlackTeamCountry "ESP"]

1. d4 d5 2. c4 c6 3. Nf3 Nf6 4. Nc3 dxc4 5. a4 Bf5 6. Ne5 Nbd7 7. Nxc4 Nb6 8.
Ne5 a5 9. f3 Nfd7 10. e4 Bg6 11. Nxd7 Nxd7 12. Bc4 e5 13. Be3 Qb6 14. Qd2 O-O-O
15. d5 Bc5 16. Bxc5 Qxc5 17. Ba2 f5 18. Rc1 Qb4 19. O-O Nc5 20. Qe3 Qd4 21.
Qxd4 exd4 22. Nb5 Nd3 23. dxc6 bxc6 24. Rxc6+ Kb7 25. Bd5 Be8 26. Rd6+ Kc8 27.
Bb7+ Kxb7 28. Rxd8 Bxb5 29. Rxh8 Bxa4 30. Rd8 Nf4 31. Rf2 d3 32. exf5 Kc7 33.
Rd4 Ne2+ 34. Rxe2 dxe2 35. Kf2 Bb5 36. Rg4 1-0

[Event "Liga Madrileña 2010/2011 - D. Honor"]
[Site "Madrid ESP"]
[Date "2010.11.28"]
[Round "2.25"]
[White "Suarez Uriel, Adrian"]
[Black "Bote Alvarez-Carrasco, Valentin"]
[Result "1-0"]
[WhiteElo "2215"]
[BlackElo "2183"]
[PlyCount "79"]
[EventDate "2010.11.21"]
[EventType "team"]
[EventRounds "14"]
[EventCountry "ESP"]
[Source "lmi"]
[SourceDate "2010.11.21"]
[WhiteTeam "La Casa del Ajedrez"]
[BlackTeam "Collado Villalba"]
[WhiteTeamCountry "ESP"]
[BlackTeamCountry "ESP"]

1. e4 e5 2. Nf3 Nc6 3. Bb5 Nf6 4. d3 d6 5. c3 Bd7 6. O-O Be7 7. Re1 O-O 8. d4
Nxd4 9. Nxd4 exd4 10. Bxd7 Qxd7 11. cxd4 c6 12. Nc3 Rad8 13. Bg5 Rfe8 14. h3 h6
15. Bf4 Nh7 16. Qf3 Nf8 17. Rad1 f5 18. d5 Ng6 19. dxc6 bxc6 20. e5 Nxf4 21.
Qxf4 Bg5 22. Qf3 d5 23. b4 a5 24. b5 cxb5 25. Nxd5 Qc8 26. Qb3 Qc4 27. Qxc4
bxc4 28. f4 Bh4 29. Re2 Bg3 30. Red2 Rc8 31. Kf1 c3 32. Rd3 c2 33. Rc1 Red8 34.
e6 Bh4 35. g3 Bf6 36. Nxf6+ gxf6 37. Rxc2 Re8 38. Rxc8 Rxc8 39. Rd7 Rc6 40.
Rd8+ 1-0

[Event "Liga Madrileña 2010/2011 - D. Honor"]
[Site "Madrid ESP"]
[Date "2010.11.28"]
[Round "2.26"]
[White "Lorite Cruz, Francisco"]
[Black "Collado Barbas, Laura"]
[Result "0-1"]
[WhiteElo "2095"]
[BlackElo "2040"]
[PlyCount "104"]
[EventDate "2010.11.21"]
[EventType "team"]
[EventRounds "14"]
[EventCountry "ESP"]
[Source "lmi"]
[SourceDate "2010.11.21"]
[WhiteTeam "Collado Villalba"]
[BlackTeam "La Casa del Ajedrez"]
[WhiteTeamCountry "ESP"]
[BlackTeamCountry "ESP"]

1. e4 e6 2. d4 d5 3. exd5 exd5 4. Bd3 Nc6 5. c3 Bd6 6. Qf3 Nce7 7. Bg5 Be6 8.
Nd2 c6 9. h3 Qd7 10. g4 O-O-O 11. Ne2 h6 12. Bf4 g5 13. Bxd6 Qxd6 14. O-O-O Rf8
15. Qg3 Qxg3 16. Nxg3 f5 17. Rde1 Kd7 18. Nf3 fxg4 19. Ne5+ Kd6 20. hxg4 Nf6
21. f3 Nd7 22. Nxd7 Bxd7 23. Re3 Rf6 24. Rhe1 Re6 25. Re5 Rxe5 26. dxe5+ Kc7
27. e6 Be8 28. Nf5 Kd8 29. Nd6 b6 30. Rh1 Nc8 31. Nf5 h5 32. gxh5 Rxh5 33. Rg1
Ne7 34. Ng7 Rh3 35. Be2 Bg6 36. Rxg5 Rh7 37. f4 Rxg7 38. Bd3 Rg8 39. f5 Bh7 40.
Rh5 Rg1+ 41. Kc2 Rg2+ 42. Kc1 Bxf5 43. Bxf5 Nxf5 44. Rxf5 Rg7 45. Rf8+ Ke7 46.
Rc8 Kd6 47. Kc2 Re7 48. Rh8 c5 49. Kd3 Rxe6 50. Rd8+ Ke5 51. Rd7 a6 52. a4 Rh6
0-1

[Event "Liga Madrileña 2010/2011 - D. Honor"]
[Site "Madrid ESP"]
[Date "2010.11.28"]
[Round "2.31"]
[White "Adan Bermudez, Sergio"]
[Black "Hernandez Gallardo, Francisco Javier"]
[Result "0-1"]
[WhiteElo "2349"]
[BlackElo "2330"]
[PlyCount "120"]
[EventDate "2010.11.21"]
[EventType "team"]
[EventRounds "14"]
[EventCountry "ESP"]
[Source "lmi"]
[SourceDate "2010.11.21"]
[WhiteTeam "Pueblo Nuevo"]
[BlackTeam "Moratalaz"]
[WhiteTeamCountry "ESP"]
[BlackTeamCountry "ESP"]

1. c4 b6 2. Nc3 Bb7 3. e4 e6 4. Nge2 Nf6 5. e5 Ne4 6. Nxe4 Bxe4 7. d4 d6 8. Nc3
Bb7 9. exd6 Bxd6 10. Qg4 Qf6 11. Be3 Qg6 12. Qxg6 hxg6 13. c5 bxc5 14. dxc5 Be5
15. Rc1 Bc6 16. b4 a6 17. f4 Bf6 18. a4 Nd7 19. b5 Bxc3+ 20. Rxc3 axb5 21. axb5
Be4 22. c6 Nf6 23. b6 Ra1+ 24. Bc1 cxb6 25. c7 Kd7 26. Bb5+ Kc8 27. O-O Nd5 28.
Rc6 Nxc7 29. Rxb6 Ra2 30. Bb2 Rxb2 31. Ba6+ Nxa6 32. Rxb2 Nc7 33. Re1 Bd5 34.
Ra1 Kd7 35. Ra7 Ra8 36. Rxa8 Nxa8 37. Rb8 Nc7 38. g3 Ke7 39. h4 Ne8 40. Rc8 Kd7
41. Rc5 Nd6 42. Ra5 Ke7 43. Ra7+ Kf6 44. Rd7 Nf5 45. Kf2 Nh6 46. Ke3 Kf5 47.
Kf2 Kg4 48. Rc7 Kh3 49. Rc3 Ng4+ 50. Kg1 Nf6 51. Ra3 Ne4 52. Re3 Nf6 53. Rc3
Be4 54. Ra3 Bf5 55. Rb3 Ng4 56. Ra3 f6 57. Rb3 e5 58. fxe5 fxe5 59. Ra3 e4 60.
Ra5 e3 0-1

[Event "Liga Madrileña 2010/2011 - D. Honor"]
[Site "Madrid ESP"]
[Date "2010.11.28"]
[Round "2.32"]
[White "Serrano Salvador, Eduardo"]
[Black "Barez Menendez, Hector"]
[Result "1-0"]
[WhiteElo "2359"]
[BlackElo "2168"]
[PlyCount "77"]
[EventDate "2010.11.21"]
[EventType "team"]
[EventRounds "14"]
[EventCountry "ESP"]
[Source "lmi"]
[SourceDate "2010.11.21"]
[WhiteTeam "Moratalaz"]
[BlackTeam "Pueblo Nuevo"]
[WhiteTeamCountry "ESP"]
[BlackTeamCountry "ESP"]

1. d4 d5 2. e4 dxe4 3. Nc3 Nf6 4. f3 exf3 5. Nxf3 g6 6. Bc4 Bg7 7. h3 O-O 8.
O-O Nbd7 9. Qe1 c5 10. dxc5 Nxc5 11. Qh4 Be6 12. Be2 Nd5 13. Rd1 Bxc3 14. bxc3
Qb6 15. Kh1 f6 16. Bc4 Nxc3 17. Re1 N5e4 18. Rxe4 Nxe4 19. Qxe4 Bxc4 20. Qxc4+
Kg7 21. Nd4 Rfc8 22. Qd5 Qd6 23. Qxd6 exd6 24. Bb2 Re8 25. Rf1 a6 26. Rf4 Rac8
27. c4 Kf7 28. Nf3 Re6 29. Ng5+ Ke7 30. Nxe6 Kxe6 31. Rxf6+ Ke7 32. Rf4 b5 33.
cxb5 axb5 34. Rf2 d5 35. Rd2 Ke6 36. Kg1 b4 37. Kf2 Ra8 38. Bd4 Kf5 39. Bc5 1-0

[Event "Liga Madrileña 2010/2011 - D. Honor"]
[Site "Madrid ESP"]
[Date "2010.11.28"]
[Round "2.33"]
[White "Baigorri Navarro, Francisco Javier"]
[Black "Ramirez Garcia, Jorge Alberto"]
[Result "1-0"]
[WhiteElo "2149"]
[BlackElo "2255"]
[PlyCount "75"]
[EventDate "2010.11.21"]
[EventType "team"]
[EventRounds "14"]
[EventCountry "ESP"]
[Source "lmi"]
[SourceDate "2010.11.21"]
[WhiteTeam "Pueblo Nuevo"]
[BlackTeam "Moratalaz"]
[WhiteTeamCountry "ESP"]
[BlackTeamCountry "ESP"]

1. Nf3 d5 2. d4 Nf6 3. c4 e6 4. Nc3 Bb4 5. e3 O-O 6. Bd3 c5 7. O-O b6 8. cxd5
exd5 9. Ne5 Ba6 10. Bxa6 Nxa6 11. Nc6 Qd7 12. Nxb4 Nxb4 13. dxc5 bxc5 14. Qa4
Qf5 15. Bd2 Rfd8 16. Nb5 a6 17. Nc7 Ra7 18. Bxb4 cxb4 19. Rac1 Qe5 20. Qa5 h6
21. Qb6 Ng4 22. g3 Qh5 23. Kg2 Qxh2+ 24. Kf3 Ne5+ 25. Ke2 Qh5+ 26. f3 Rxc7 27.
Rxc7 Re8 28. Qxa6 d4 29. e4 Nxf3 30. Rc8 Ne5+ 31. Ke1 Nd3+ 32. Kd2 Qg5+ 33.
Kxd3 Qe3+ 34. Kc2 d3+ 35. Kb1 Rxc8 36. Qxc8+ Kh7 37. Qf5+ Kh8 38. Qf3 1-0